000 00442nam a22001817a 4500
003 MPLRDC
005 20220104123546.0
008 210129b ||||| |||| 00| 0 eng d
020 _a7-80513-803-6
082 _a427.41 CL
100 _a程丽等编著
245 _a茶酒治百病
_c
250 _a一版一刷
260 _a
_b上海科学技术文献出版
_c1991
300 _b
650 _a饮料--茶
942 _cBK
_o427.41 CL
999 _c12372
_d12362